000 00809cam a22002653a 4500
001 3284
003 PGUSA
005 20140828083030.0
008 020601s2002||||xxu|||||s|||||000 | eng d
040 _aPGUSA
_beng
042 _adc
050 4 _aDT
100 1 _aSpeke, John Hanning,
_d1827-1864
245 1 4 _aThe Discovery of the Source of the Nile
_h[electronic resource] /
_cJohn Hanning Speke
260 _bProject Gutenberg,
_c2002
506 _aPublic domain in the USA.
516 _aElectronic text
653 _aAfrica, East -- Description and travel
653 _aUganda -- Description and travel
653 _aNile River Valley -- Discovery and exploration
653 _aNile River
830 0 _aProject Gutenberg
_v3284
856 4 0 _uhttp://www.gutenberg.org/ebooks/3284
942 _cEB
999 _c232613
_d232613